Vokaalirikkaimmat maat - Statistics

Yleistilastot
  • Tätä visaa on pelattu 610 kertaa
  • Keskiarvotulos 8 / 22
Vastaustilastot
% Maa % Oikein
60 Suomi
78%
60 Kiina
73%
60 Intia
56%
67 Italia
54%
60 Puola
45%
60 Nauru
39%
60 Palau
38%
60 Samoa
35%
71 Uruguay
35%
60 Etelä-Korea
34%
60 Kuuba
34%
60 Haiti
32%
63 Paraguay
32%
67 Guinea
31%
71 Etiopia
29%
67 Syyria
29%
67 Guyana
28%
60 Kenia
27%
60 Libya
26%
67 Papua-Uusi-Guinea
26%
64 Saudi-Arabia
25%
60 Mauritania
18%
Ehtoja vastaavia visoja ei löytynyt
Tulosjakauma
Jokaisen tuloksen saaneiden osuus
Persentiili vastausten määrän mukaan
Tuloshistoriasi
Et ole pelannut tätä visaa